| 000 | 00555nam a2200193Ia 4500 | ||
|---|---|---|---|
| 003 | OSt | ||
| 005 | 20200911131804.0 | ||
| 008 | 190216s9999||||xx |||||||||||||| ||und|| | ||
| 020 | _a9780070702066 | ||
| 040 | _coclc | ||
| 082 |
_a621.381 _bKAL/E |
||
| 100 |
_aKalsi, H S _94554 |
||
| 245 | 0 |
_aElectronic Instrumentation / _cH S Kalsi |
|
| 250 | _a3rd Ed. | ||
| 260 |
_bTata Mcgraw-Hill Education Private Limited, _c2011. _aNew Delhi: |
||
| 300 | _a829p | ||
| 650 | _aPhysics | ||
| 942 |
_cBK _2ddc _h621.381 _iKAL/E _k621.381 _mKAL/E |
||
| 999 |
_c34441 _d34441 |
||